000 00746nam a22001817a 4500
999 _c217454
_d217454
008 201130b ||||| |||| 00| 0 eng d
040 _bger
_cDE-2950
_erda
_aDE-2950
041 _ager
100 _aMahlke, Lisa.
245 _aStadt wirbt um Neubürger.
_bDemografie: Studenten und Azubis, Familien, Tesla-Beschäftigte und andere Fachkräfte, aber auch Senioren - das sind die Zielgruppen der neuen Frankfurt-Kampagne /
_cLisa Mahlke
653 _aFrankfurt (Oder)
653 _aDemographie
773 _dFrankfurt (Oder): Märkisches Verlags- und Druckhaus GmbH & Co KG
_g32. Jahrgang (2021) Nr. 145 vom 25.06.2021, S.13 : Foto
_tMärkische Oderzeitung
942 _cA